[Event "Madrid ch Veteranos  2019-2020"]
[Site "Maddrid ESP"]
[Date "2020.01.20"]
[Round "6.29"]
[White "Tudela Garcia, Antonio"]
[Black "Calderon Martin, Antonio"]
[Result "1-0"]
[WhiteElo "1567"]
[BlackElo "1614"]
[PlyCount "102"]
[EventDate "2020.01.13"]
[EventType "swiss"]
[EventRounds "9"]
[EventCountry "ESP"]
[SourceTitle "Ajedrez en Madrid"]
[Source "lmi"]
[SourceDate "2020.01.13"]
[SourceVersion "1"]
[SourceVersionDate "2020.01.27"]
[SourceQuality "1"]

1. e4 e5 2. Bc4 Nf6 3. Nc3 Nc6 4. d3 Bc5 5. Nf3 a6 6. a3 d6 7. h3 h6 8. O-O g5
9. Bxg5 hxg5 10. Nxg5 d5 11. exd5 Nxd5 12. Nxf7 Kxf7 13. Qf3+ Qf6 14. Qxd5+ Be6
15. Qxc5 Rxh3 16. Bxe6+ Qxe6 17. Qd5 Rh6 18. Qxe6+ Kxe6 19. Rae1 Kf5 20. Re4
Rah8 21. f3 Nd4 22. Ne2 Nxc2 23. Kf2 Rd8 24. Rc1 Rc6 25. Nc3 Nd4 26. Rh1 Rg8
27. Rh5+ Rg5 28. g4+ Kf6 29. Rxg5 Kxg5 30. Rxe5+ Kg6 31. f4 Rd6 32. Ne4 Rc6 33.
f5+ Kf7 34. Rc5 Rb6 35. Rxc7+ Kf8 36. b4 Nb5 37. Rc8+ Kf7 38. g5 Kg7 39. Nc5
Nd6 40. Ne6+ Kf7 41. Rf8+ Ke7 42. Rh8 Nxf5 43. Nf4 Rd6 44. Rh7+ Kd8 45. Rxb7
Kc8 46. Rf7 Nh4 47. Rf6 Rd4 48. Ke3 Rd7 49. Rxa6 Re7+ 50. Re6 Ng2+ 51. Ke4 Nxf4
1-0

[Event "Madrid ch Veteranos  2019-2020"]
[Site "Maddrid ESP"]
[Date "2020.01.20"]
[Round "6.31"]
[White "Navarro Corredor, Angel"]
[Black "Beekhof Harmsen, Willen"]
[Result "1-0"]
[WhiteElo "1346"]
[BlackElo "1470"]
[PlyCount "61"]
[EventDate "2020.01.13"]
[EventType "swiss"]
[EventRounds "9"]
[EventCountry "ESP"]
[SourceTitle "Ajedrez en Madrid"]
[Source "lmi"]
[SourceDate "2020.01.13"]
[SourceVersion "1"]
[SourceVersionDate "2020.01.27"]
[SourceQuality "1"]

1. Nf3 d5 2. b3 Nf6 3. Bb2 e6 4. e3 Be7 5. Be2 O-O 6. O-O c5 7. c4 a6 8. d4 b6
9. dxc5 bxc5 10. cxd5 exd5 11. Ne5 Bb7 12. Bf3 Re8 13. Nd2 Bd6 14. Ng4 Nxg4 15.
Bxg4 Nd7 16. Bf3 Ne5 17. Be2 Qh4 18. g3 Qh3 19. f4 d4 20. e4 d3 21. fxe5 dxe2
22. Qxe2 Bxe5 23. Bxe5 Rxe5 24. Rf4 f5 25. Nc4 Rxe4 26. Rxe4 Bxe4 27. Nd6 Bd5
28. Rd1 Bc6 29. Qc4+ Kh8 30. Nf7+ Kg8 31. Ng5+ 1-0

[Event "Madrid ch Veteranos  2019-2020"]
[Site "Maddrid ESP"]
[Date "2020.01.20"]
[Round "6.32"]
[White "Perez Ramos, Miguel Angel"]
[Black "Martinez Carrasco, Jesus"]
[Result "0-1"]
[WhiteElo "1122"]
[BlackElo "1566"]
[PlyCount "120"]
[EventDate "2020.01.13"]
[EventType "swiss"]
[EventRounds "9"]
[EventCountry "ESP"]
[SourceTitle "Ajedrez en Madrid"]
[Source "lmi"]
[SourceDate "2020.01.13"]
[SourceVersion "1"]
[SourceVersionDate "2020.01.27"]
[SourceQuality "1"]

1. e4 c5 2. Nf3 d6 3. d4 cxd4 4. Nxd4 Nf6 5. Nc3 a6 6. Be2 Nc6 7. Nf3 Qc7 8. a3
e6 9. Bg5 Be7 10. Qd2 O-O 11. Be3 b5 12. O-O Bb7 13. b4 Rac8 14. h3 Nb8 15. Nd1
Nxe4 16. Qd3 Qxc2 17. Qxc2 Rxc2 18. Bd3 Rcc8 19. Bxe4 Bxe4 20. Nd2 Bd5 21. Nb2
Bf6 22. Nd3 Bxa1 23. Rxa1 Nd7 24. Nf4 Nf6 25. Nf1 Ba8 26. f3 Nd5 27. Bd2 Nxf4
28. Bxf4 d5 29. Bd6 Rfe8 30. Bc5 f6 31. Rd1 e5 32. Ne3 d4 33. Nf5 Rc7 34. Nd6
Re6 35. Kf2 Rc6 36. Ne4 Kf7 37. Ng3 g6 38. Ne4 h6 39. h4 f5 40. Nd2 a5 41. Rh1
Rc8 42. g4 fxg4 43. Rg1 gxf3 44. Rg3 axb4 45. axb4 Rd8 46. Nb3 d3 47. Nd2 e4
48. Ke3 h5 49. Rg1 Bc6 50. Rg5 Ra8 51. Nb3 Ra2 52. Nd2 Ra1 53. Kf2 Rh1 54. Kg3
Rd1 55. Nb3 e3 56. Nd4 Rg1+ 57. Kh2 Rxg5 58. Nxe6 Rg2+ 59. Kh1 Kxe6 60. Bxe3 d2
0-1

[Event "Madrid ch Veteranos  2019-2020"]
[Site "Maddrid ESP"]
[Date "2020.01.20"]
[Round "6.33"]
[White "Perales Hernandez, Manuel"]
[Black "Navas Marin, Felix"]
[Result "1-0"]
[WhiteElo "1300"]
[BlackElo "1451"]
[PlyCount "61"]
[EventDate "2020.01.13"]
[EventType "swiss"]
[EventRounds "9"]
[EventCountry "ESP"]
[SourceTitle "Ajedrez en Madrid"]
[Source "lmi"]
[SourceDate "2020.01.13"]
[SourceVersion "1"]
[SourceVersionDate "2020.01.27"]
[SourceQuality "1"]

1. e4 c6 2. d4 d5 3. e5 Bf5 4. Bd2 e6 5. a3 Qb6 6. Bc3 Nd7 7. Qd2 c5 8. Ba5 Qc6
9. Nf3 cxd4 10. Nxd4 Qc8 11. Nxf5 exf5 12. Bb5 a6 13. Bxd7+ Qxd7 14. Nc3 Ne7
15. O-O-O g6 16. Nxd5 Nxd5 17. Qxd5 Qxd5 18. Rxd5 Bh6+ 19. Kb1 O-O 20. Rd7 b5
21. g3 Rfc8 22. Re1 Rc6 23. f4 Rac8 24. c3 g5 25. Rd6 Kg7 26. Red1 gxf4 27. Rf1
Rc4 28. Rf6 Re4 29. Rxf5 Rcc4 30. b3 Rc5 31. gxf4 1-0

[Event "Madrid ch Veteranos  2019-2020"]
[Site "Maddrid ESP"]
[Date "2020.01.20"]
[Round "6.34"]
[White "Menendez Domens, Juan Manuel"]
[Black "Suarez Mencia, Roberto"]
[Result "1-0"]
[WhiteElo "1439"]
[BlackElo "1387"]
[PlyCount "69"]
[EventDate "2020.01.13"]
[EventType "swiss"]
[EventRounds "9"]
[EventCountry "ESP"]
[SourceTitle "Ajedrez en Madrid"]
[Source "lmi"]
[SourceDate "2020.01.13"]
[SourceVersion "1"]
[SourceVersionDate "2020.01.27"]
[SourceQuality "1"]

1. e4 c5 2. Nf3 Nc6 3. d4 cxd4 4. Nxd4 Nf6 5. Nc3 e5 6. Nf3 Bb4 7. Bd2 O-O 8.
Bd3 a6 9. a3 Bc5 10. h3 b5 11. b4 Bb6 12. Bg5 h6 13. Bxf6 gxf6 14. Qd2 Kg7 15.
Nh4 d6 16. g4 Rh8 17. Nf5+ Bxf5 18. gxf5 Kf8 19. Rg1 Nd4 20. Rg3 Rc8 21. Nd5
Ba7 22. Rb1 Nc6 23. c3 Nb8 24. Ke2 Nd7 25. Rbg1 Nb6 26. Qxh6+ Ke8 27. Qxh8+ Kd7
28. Qxd8+ Rxd8 29. Nxf6+ Kc6 30. Rg7 Na4 31. Rc1 Rc8 32. Rxf7 Bb6 33. h4 Rh8
34. Rh7 Rf8 35. Nd5 1-0

[Event "Madrid ch Veteranos  2019-2020"]
[Site "Maddrid ESP"]
[Date "2020.01.20"]
[Round "6.35"]
[White "Becerra Baigorri, Jose"]
[Black "Ramos Antona, Enrique"]
[Result "0-1"]
[WhiteElo "1633"]
[BlackElo "1493"]
[PlyCount "112"]
[EventDate "2020.01.13"]
[EventType "swiss"]
[EventRounds "9"]
[EventCountry "ESP"]
[SourceTitle "Ajedrez en Madrid"]
[Source "lmi"]
[SourceDate "2020.01.13"]
[SourceVersion "1"]
[SourceVersionDate "2020.01.27"]
[SourceQuality "1"]

1. e4 d6 2. d4 Nf6 3. Nc3 g6 4. Nf3 Bg7 5. Bd3 O-O 6. O-O Na6 7. a3 c5 8. Bxa6
cxd4 9. Nxd4 bxa6 10. Qd3 Qc7 11. Bd2 Be6 12. Nxe6 fxe6 13. Qxa6 Ng4 14. Qe2
Ne5 15. Rab1 Nc4 16. Na4 Nxd2 17. Qxd2 Qc6 18. Nc3 Bxc3 19. Qxc3 Qxc3 20. bxc3
Rfc8 21. Rb3 Rc7 22. Re1 Rac8 23. Re3 Kg7 24. f3 Kf6 25. Kf2 e5 26. Rd3 Rc5 27.
Ke3 g5 28. Kd2 Ke6 29. g3 a5 30. Rb6 h5 31. Rb1 Rf8 32. Ke2 g4 33. fxg4 hxg4
34. Re3 Rh8 35. Rh1 Rb8 36. h4 gxh3 37. Rxh3 Rb2 38. Kd2 Ra2 39. Rh1 Rxa3 40.
Rb1 Ra4 41. g4 Rac4 42. g5 Kf7 43. Rb7 Rc7 44. Rxc7 Rxc7 45. Re1 Kg6 46. Rg1 a4
47. Kd3 a3 48. c4 a2 49. Kc3 Ra7 50. Kb2 a1=Q+ 51. Rxa1 Rxa1 52. Kxa1 Kxg5 53.
Kb2 Kf4 54. c5 dxc5 55. Kc3 Kxe4 56. Kc4 Kf3 0-1

[Event "Madrid ch Veteranos  2019-2020"]
[Site "Maddrid ESP"]
[Date "2020.01.21"]
[Round "7.1"]
[White "Elissalt Cardenas, Hector"]
[Black "Nuñez Muñoz, Jesus"]
[Result "1-0"]
[WhiteElo "2270"]
[BlackElo "2162"]
[PlyCount "63"]
[EventDate "2020.01.13"]
[EventType "swiss"]
[EventRounds "9"]
[EventCountry "ESP"]
[SourceTitle "Ajedrez en Madrid"]
[Source "lmi"]
[SourceDate "2020.01.13"]
[SourceVersion "1"]
[SourceVersionDate "2020.01.27"]
[SourceQuality "1"]

1. c4 c5 2. Nc3 Nc6 3. g3 g6 4. Bg2 Bg7 5. e3 e6 6. Nge2 Nge7 7. O-O O-O 8. d4
cxd4 9. exd4 d5 10. cxd5 Nxd5 11. Be3 Nce7 12. Bg5 Qa5 13. Qd2 Nxc3 14. bxc3
Nd5 15. c4 Qxd2 16. Bxd2 Nb6 17. Rac1 Re8 18. Rfe1 Bf6 19. Be3 h5 20. Nc3 Rd8
21. Nb5 Bd7 22. Nd6 Bc6 23. Nxb7 Bxb7 24. Bxb7 Rab8 25. Ba6 Bxd4 26. Bf4 e5 27.
Bxe5 Bxe5 28. Rxe5 Rd2 29. c5 Rxa2 30. Bb5 Rb2 31. cxb6 Rxb6 32. Rcc5 1-0

[Event "Madrid ch Veteranos  2019-2020"]
[Site "Maddrid ESP"]
[Date "2020.01.21"]
[Round "7.2"]
[White "Vazquez Gonzalez, Francisco"]
[Black "Campos Calvo-Sotelo, Javier"]
[Result "1/2-1/2"]
[WhiteElo "1931"]
[BlackElo "1908"]
[PlyCount "43"]
[EventDate "2020.01.13"]
[EventType "swiss"]
[EventRounds "9"]
[EventCountry "ESP"]
[SourceTitle "Ajedrez en Madrid"]
[Source "lmi"]
[SourceDate "2020.01.13"]
[SourceVersion "1"]
[SourceVersionDate "2020.01.27"]
[SourceQuality "1"]

1. e4 e5 2. Nf3 Nf6 3. Nc3 Bb4 4. Bc4 O-O 5. d3 d5 6. exd5 Nxd5 7. O-O Nxc3 8.
bxc3 Bxc3 9. Rb1 Nc6 10. Ng5 h6 11. Ne4 Bd4 12. Qh5 Qd7 13. Nf6+ gxf6 14. Qg6+
Kh8 15. Qxf6+ Kh7 16. Qxh6+ Kg8 17. Qg6+ Kh8 18. Qf6+ Kh7 19. Qh4+ Kg8 20. Qg5+
Kh7 21. Qh4+ Kg8 22. Qg5+ 1/2-1/2

[Event "Madrid ch Veteranos  2019-2020"]
[Site "Maddrid ESP"]
[Date "2020.01.21"]
[Round "7.3"]
[White "Gonzalez Rivera, Eduardo"]
[Black "Lorenzo Bailador, Alfredo"]
[Result "1/2-1/2"]
[WhiteElo "2024"]
[BlackElo "2019"]
[PlyCount "55"]
[EventDate "2020.01.13"]
[EventType "swiss"]
[EventRounds "9"]
[EventCountry "ESP"]
[SourceTitle "Ajedrez en Madrid"]
[Source "lmi"]
[SourceDate "2020.01.13"]
[SourceVersion "1"]
[SourceVersionDate "2020.01.27"]
[SourceQuality "1"]

1. e4 e5 2. Nf3 Nc6 3. Bb5 a6 4. Bxc6 dxc6 5. O-O Bg4 6. h3 h5 7. d3 Qf6 8.
Nbd2 Ne7 9. Re1 Ng6 10. d4 Nf4 11. hxg4 hxg4 12. g3 gxf3 13. Qxf3 Ne6 14. dxe5
Qxe5 15. Kg2 Qh5 16. Qxh5 Rxh5 17. Nb3 a5 18. g4 Rh8 19. a4 g5 20. Bd2 b6 21.
Rh1 Bg7 22. c3 Rd8 23. Be3 Rxh1 24. Rxh1 Be5 25. Nd2 Ke7 26. Nf3 Bf4 27. Nd4
Nxd4 28. cxd4 1/2-1/2

[Event "Madrid ch Veteranos  2019-2020"]
[Site "Maddrid ESP"]
[Date "2020.01.21"]
[Round "7.4"]
[White "Garcia Martin, Esteban"]
[Black "De la Orden Alcocer, Alejandro"]
[Result "0-1"]
[WhiteElo "1856"]
[BlackElo "1972"]
[PlyCount "48"]
[EventDate "2020.01.13"]
[EventType "swiss"]
[EventRounds "9"]
[EventCountry "ESP"]
[SourceTitle "Ajedrez en Madrid"]
[Source "lmi"]
[SourceDate "2020.01.13"]
[SourceVersion "1"]
[SourceVersionDate "2020.01.27"]
[SourceQuality "1"]

1. c4 e5 2. Nc3 Nf6 3. g3 d5 4. cxd5 Nxd5 5. Bg2 Be6 6. Nf3 Nc6 7. d3 Be7 8.
O-O O-O 9. a3 f6 10. d4 Nxc3 11. bxc3 e4 12. Nd2 f5 13. e3 Na5 14. Qa4 Qd5 15.
f3 Bd7 16. fxe4 fxe4 17. Rxf8+ Rxf8 18. Qc2 Qf5 19. Nf1 Bb5 20. Bd2 Bd3 21. Qd1
Qf2+ 22. Kh1 Nc4 23. Be1 Qxf1+ 24. Bxf1 Rxf1+ 0-1

[Event "Madrid ch Veteranos  2019-2020"]
[Site "Maddrid ESP"]
[Date "2020.01.21"]
[Round "7.5"]
[White "Camarero Izquierdo, Juan Carlos"]
[Black "Lopez de Turiso, Jose Angel"]
[Result "1/2-1/2"]
[WhiteElo "1807"]
[BlackElo "1893"]
[PlyCount "61"]
[EventDate "2020.01.13"]
[EventType "swiss"]
[EventRounds "9"]
[EventCountry "ESP"]
[SourceTitle "Ajedrez en Madrid"]
[Source "lmi"]
[SourceDate "2020.01.13"]
[SourceVersion "1"]
[SourceVersionDate "2020.01.27"]
[SourceQuality "1"]

1. e4 e5 2. Bc4 Nf6 3. d3 Nc6 4. a3 d5 5. exd5 Nxd5 6. h3 Bc5 7. Nf3 O-O 8. O-O
f6 9. Nc3 Be6 10. Ne4 Be7 11. Re1 Nf4 12. Bxf4 Bxc4 13. Bxe5 Nxe5 14. Nxe5 Ba6
15. Nf3 f5 16. Ng3 Bf6 17. Rb1 g6 18. Qd2 b6 19. d4 Bb7 20. Ne5 Qd5 21. f4 Rad8
22. c3 Rfe8 23. Nf3 Qb3 24. Rxe8+ Rxe8 25. Re1 Rxe1+ 26. Nxe1 a5 27. Nd3 Qd5
28. Nf1 Ba6 29. Ne5 c5 30. dxc5 Qxc5+ 31. Qd4 1/2-1/2

[Event "Madrid ch Veteranos  2019-2020"]
[Site "Maddrid ESP"]
[Date "2020.01.21"]
[Round "7.7"]
[White "Esteban Amo, Jose M."]
[Black "Martin Martin, Luis Vicente"]
[Result "0-1"]
[WhiteElo "1905"]
[BlackElo "1985"]
[PlyCount "108"]
[EventDate "2020.01.13"]
[EventType "swiss"]
[EventRounds "9"]
[EventCountry "ESP"]
[SourceTitle "Ajedrez en Madrid"]
[Source "lmi"]
[SourceDate "2020.01.13"]
[SourceVersion "1"]
[SourceVersionDate "2020.01.27"]
[SourceQuality "1"]

1. d4 d5 2. Nf3 Nf6 3. e3 e6 4. Bd3 c5 5. b3 Nc6 6. O-O Bd6 7. Bb2 O-O 8. Nbd2
b6 9. Ne5 Nb4 10. Be2 cxd4 11. exd4 Qc7 12. c4 Nd7 13. a3 Nc6 14. Nxc6 Qxc6 15.
cxd5 exd5 16. Rc1 Qb7 17. Nf3 Nf6 18. Ne5 Bf5 19. Bd3 Bxd3 20. Qxd3 Rac8 21.
Qf5 Ne4 22. Rfd1 g6 23. Qg4 f5 24. Qe2 Rxc1 25. Rxc1 Rc8 26. f3 Rxc1+ 27. Bxc1
Qc7 28. Bf4 Bxe5 29. dxe5 Nc3 30. Qd3 Qc5+ 31. Kf1 Qb5 32. Qxb5 Nxb5 33. a4 Nd4
34. b4 Kf7 35. Bd2 a6 36. Be3 Nc2 37. Bxb6 Nxb4 38. Ke2 f4 39. Ba5 Nc6 40. Bd2
g5 41. h4 h6 42. hxg5 hxg5 43. g3 Nd4+ 44. Kf2 Ne6 45. gxf4 gxf4 46. Ke2 Kg6
47. Kd3 Kf5 48. Bc3 Ng5 49. Kd4 Ke6 50. Bb2 Nxf3+ 51. Kd3 Nxe5+ 52. Kd4 Nc4 53.
Bc1 f3 54. Kd3 Kf5 0-1

[Event "Madrid ch Veteranos  2019-2020"]
[Site "Maddrid ESP"]
[Date "2020.01.21"]
[Round "7.8"]
[White "Gonzalez-Ruano Perez, Cesar"]
[Black "Martin Rodriguez, Emilio"]
[Result "0-1"]
[WhiteElo "1837"]
[BlackElo "2026"]
[PlyCount "64"]
[EventDate "2020.01.13"]
[EventType "swiss"]
[EventRounds "9"]
[EventCountry "ESP"]
[SourceTitle "Ajedrez en Madrid"]
[Source "lmi"]
[SourceDate "2020.01.13"]
[SourceVersion "1"]
[SourceVersionDate "2020.01.27"]
[SourceQuality "1"]

1. e4 c6 2. Bc4 d5 3. Bb3 e6 4. e5 c5 5. c3 c4 6. Bc2 Nc6 7. Nf3 Nge7 8. O-O
Ng6 9. Re1 Bd7 10. b3 b5 11. d3 cxd3 12. Bxd3 a6 13. a4 bxa4 14. c4 dxc4 15.
Bxc4 Na5 16. Na3 Bb4 17. Bd2 Qb6 18. Bxb4 Qxb4 19. Re4 Bc6 20. Bd5 Qb7 21.
Bxc6+ Nxc6 22. Nc4 O-O 23. bxa4 Rfd8 24. Nd6 Qe7 25. Qb3 Ncxe5 26. Nxe5 Nxe5
27. Rxe5 Qxd6 28. Rae1 Rab8 29. Qe3 Rb4 30. Qc3 Rxa4 31. Rg5 Qd4 32. Qg3 h6 0-1

[Event "Madrid ch Veteranos  2019-2020"]
[Site "Maddrid ESP"]
[Date "2020.01.21"]
[Round "7.9"]
[White "Alonso Abad, Enrique"]
[Black "Barahona Torrijos, Angel"]
[Result "1-0"]
[WhiteElo "2002"]
[BlackElo "1857"]
[PlyCount "113"]
[EventDate "2020.01.13"]
[EventType "swiss"]
[EventRounds "9"]
[EventCountry "ESP"]
[SourceTitle "Ajedrez en Madrid"]
[Source "lmi"]
[SourceDate "2020.01.13"]
[SourceVersion "1"]
[SourceVersionDate "2020.01.27"]
[SourceQuality "1"]

1. e4 e5 2. Nf3 Nc6 3. d4 exd4 4. Nxd4 Bc5 5. Nb3 Bb6 6. Qe2 Qf6 7. Nc3 Nge7 8.
Be3 Bxe3 9. Qxe3 O-O 10. O-O-O a6 11. g4 Ne5 12. Be2 d6 13. g5 Qe6 14. f4 Nc4
15. Qg3 b5 16. h4 Bb7 17. Nd4 Qd7 18. Bg4 Qe8 19. Rhe1 c5 20. Nf3 b4 21. Nb1
Qc6 22. f5 d5 23. f6 gxf6 24. exd5 Nxd5 25. b3 Nce3 26. Rxd5 Nxd5 27. Bd7 Qc7
28. Qxc7 Nxc7 29. Nbd2 fxg5 30. Nxg5 f6 31. Nge4 Rf7 32. Nxc5 Bd5 33. Bf5 a5
34. Nde4 Re8 35. Rg1+ Kf8 36. Nd6 Re5 37. Nxf7 Rxf5 38. Nh6 Rf2 39. Re1 f5 40.
Re5 f4 41. Nd7+ Kg7 42. Nf5+ Kg6 43. Ne7+ Kf7 44. Nxd5 Nxd5 45. Rxd5 Ke6 46.
Rd1 Rh2 47. Nf8+ Kf5 48. Nxh7 Rxh4 49. Nf8 f3 50. Rf1 Ke4 51. Re1+ Kd4 52. Ng6
Rh2 53. Nf4 f2 54. Ne6+ Kd5 55. Nf4+ Kd4 56. Rf1 Ke3 57. Nd3 1-0

[Event "Madrid ch Veteranos  2019-2020"]
[Site "Maddrid ESP"]
[Date "2020.01.21"]
[Round "7.10"]
[White "Garcia Herranz, Jesus"]
[Black "Serrano Baylin, Francisco"]
[Result "0-1"]
[WhiteElo "1853"]
[BlackElo "1956"]
[PlyCount "68"]
[EventDate "2020.01.13"]
[EventType "swiss"]
[EventRounds "9"]
[EventCountry "ESP"]
[SourceTitle "Ajedrez en Madrid"]
[Source "lmi"]
[SourceDate "2020.01.13"]
[SourceVersion "1"]
[SourceVersionDate "2020.01.27"]
[SourceQuality "1"]

1. Nf3 Nf6 2. d4 g6 3. g3 Bg7 4. Bg2 O-O 5. c4 d6 6. Nc3 Nc6 7. e4 e5 8. d5 Ne7
9. O-O Nd7 10. Be3 f5 11. Ng5 Nf6 12. f4 h6 13. Ne6 Bxe6 14. dxe6 c6 15. fxe5
dxe5 16. Qc2 Qc7 17. Bc5 f4 18. gxf4 exf4 19. h3 b6 20. Bxe7 Qxe7 21. e5 Qc5+
22. Kh1 Qxe5 23. Rae1 Qd6 24. Qxg6 Rae8 25. Rg1 Re7 26. Bf3 h5 27. Rg2 Ne8 28.
Rgg1 Rf6 29. Qxh5 Rfxe6 30. Rxe6 Qxe6 31. b3 Nf6 32. Qh4 Qe3 33. Qxf6 Qxf3+ 34.
Kh2 Qf2+ 0-1

[Event "Madrid ch Veteranos  2019-2020"]
[Site "Maddrid ESP"]
[Date "2020.01.21"]
[Round "7.11"]
[White "Campos Calvo-Sotelo, Juan"]
[Black "Cabañas Bravo, Juan Andres"]
[Result "0-1"]
[WhiteElo "1850"]
[BlackElo "1947"]
[PlyCount "94"]
[EventDate "2020.01.13"]
[EventType "swiss"]
[EventRounds "9"]
[EventCountry "ESP"]
[SourceTitle "Ajedrez en Madrid"]
[Source "lmi"]
[SourceDate "2020.01.13"]
[SourceVersion "1"]
[SourceVersionDate "2020.01.27"]
[SourceQuality "1"]

1. b4 c6 2. e3 d5 3. c4 e5 4. a3 Nf6 5. Nf3 e4 6. Nd4 Bd6 7. cxd5 cxd5 8. Bb2
a6 9. Be2 O-O 10. O-O Nbd7 11. f4 exf3 12. Nxf3 b5 13. Nc3 Bb7 14. Qe1 Nb6 15.
Qh4 Be7 16. Qd4 Nc4 17. Bxc4 dxc4 18. Rad1 Bxf3 19. Qxd8 Raxd8 20. gxf3 Rd3 21.
Rf2 Rfd8 22. Rg2 Ne8 23. Ne4 Rxe3 24. Kf2 Rb3 25. Bc3 f5 26. Bxg7 fxe4 27. Bh6+
Kf7 28. fxe4 Rd4 29. e5 Rh3 30. Rf1 Re4 31. Kg1+ Ke6 32. Bf4 Rxa3 33. Rg8 Nc7
34. Rg7 Rh3 35. Bg3 Re2 36. Rff7 Nd5 37. Rxh7 Rxh7 38. Rxh7 Nxb4 39. Rh6+ Kd7
40. Rh7 Rxd2 41. Bf4 c3 42. Kf1 Rd1+ 43. Ke2 c2 44. Bg5 Nc6 45. h4 c1=Q 46.
Bxc1 Rxc1 47. h5 Nxe5 0-1

[Event "Madrid ch Veteranos  2019-2020"]
[Site "Maddrid ESP"]
[Date "2020.01.21"]
[Round "7.12"]
[White "De Paz Nistal, Santiago"]
[Black "Garcia Sanz, Eduardo"]
[Result "1-0"]
[WhiteElo "1920"]
[BlackElo "1815"]
[PlyCount "123"]
[EventDate "2020.01.13"]
[EventType "swiss"]
[EventRounds "9"]
[EventCountry "ESP"]
[SourceTitle "Ajedrez en Madrid"]
[Source "lmi"]
[SourceDate "2020.01.13"]
[SourceVersion "1"]
[SourceVersionDate "2020.01.27"]
[SourceQuality "1"]

1. e4 c5 2. Nc3 e6 3. g3 b6 4. Bg2 Bb7 5. Nf3 Ne7 6. O-O d5 7. exd5 Nxd5 8.
Nxd5 Bxd5 9. d4 cxd4 10. Qxd4 Qf6 11. Be3 Nd7 12. c4 Qxd4 13. Nxd4 Bxg2 14.
Kxg2 Rc8 15. b3 Bc5 16. Rad1 Ke7 17. Rfe1 g6 18. Nb5 a6 19. Nc3 Bxe3 20. Rxe3
Rhd8 21. h4 Kf8 22. Red3 Ke8 23. Ne4 Ke7 24. Ng5 h6 25. Nxf7 Kxf7 26. Rxd7+
Rxd7 27. Rxd7+ Kf6 28. Rd6 b5 29. cxb5 axb5 30. Rb6 Ra8 31. Rxb5 Rxa2 32. Rb8
h5 33. b4 Ra3 34. b5 Rb3 35. b6 Kf7 36. b7 Kg7 37. f3 Rb2+ 38. Kf1 Kh7 39. Ke1
Kg7 40. Kd1 Rb3 41. Kc2 Rb6 42. Kc3 Rc6+ 43. Kd4 Rb6 44. Kc5 Rb1 45. Kd6 Rd1+
46. Kxe6 Re1+ 47. Kd5 Rd1+ 48. Ke4 Re1+ 49. Kf4 Rb1 50. g4 Rb4+ 51. Kg3 hxg4
52. fxg4 Rb3+ 53. Kf4 Rb4+ 54. Ke5 Rb5+ 55. Kd6 Rb1 56. Re8 Rd1+ 57. Kc7 Rc1+
58. Kb8 Rc4 59. Rc8 Rxg4 60. Rc7+ Kf6 61. Rc6+ Kf7 62. Kc7 1-0

[Event "Madrid ch Veteranos  2019-2020"]
[Site "Maddrid ESP"]
[Date "2020.01.21"]
[Round "7.14"]
[White "Pashov, Spas Nikolov"]
[Black "Sotoca Aguado, Jose"]
[Result "1-0"]
[WhiteElo "1847"]
[BlackElo "1905"]
[PlyCount "63"]
[EventDate "2020.01.13"]
[EventType "swiss"]
[EventRounds "9"]
[EventCountry "ESP"]
[SourceTitle "Ajedrez en Madrid"]
[Source "lmi"]
[SourceDate "2020.01.13"]
[SourceVersion "1"]
[SourceVersionDate "2020.01.27"]
[SourceQuality "1"]

1. e4 e6 2. d4 d5 3. Nd2 Nf6 4. e5 Nfd7 5. Bd3 c5 6. c3 Qb6 7. Ne2 Nc6 8. Nf3
cxd4 9. cxd4 f6 10. exf6 Nxf6 11. b3 Bd6 12. O-O O-O 13. Re1 Bd7 14. Bf4 Nb4
15. Bb1 Bxf4 16. Nxf4 Rae8 17. Nd3 Nxd3 18. Bxd3 g6 19. Rc1 Rc8 20. Qd2 Kg7 21.
h3 Rxc1 22. Rxc1 Ne4 23. Bxe4 dxe4 24. Ng5 Qd8 25. Nxe4 Bc6 26. Re1 Qd5 27. f3
Rd8 28. Ng5 Re8 29. Qf4 Re7 30. Rxe6 Rxe6 31. Qf7+ Kh6 32. Nxe6 1-0

[Event "Madrid ch Veteranos  2019-2020"]
[Site "Maddrid ESP"]
[Date "2020.01.21"]
[Round "7.15"]
[White "Lozano Sanchez, Jose Antonio"]
[Black "Garcia Galeote, Lorenzo"]
[Result "1/2-1/2"]
[WhiteElo "1812"]
[BlackElo "1901"]
[PlyCount "49"]
[EventDate "2020.01.13"]
[EventType "swiss"]
[EventRounds "9"]
[EventCountry "ESP"]
[SourceTitle "Ajedrez en Madrid"]
[Source "lmi"]
[SourceDate "2020.01.13"]
[SourceVersion "1"]
[SourceVersionDate "2020.01.27"]
[SourceQuality "1"]

1. e4 d5 2. exd5 Qxd5 3. Qf3 Nf6 4. Qxd5 Nxd5 5. Nf3 Bf5 6. c3 Nc6 7. Bb5 Bd7
8. d4 h6 9. Nbd2 a6 10. Bc4 e6 11. Ne4 O-O-O 12. Bd2 Be7 13. O-O-O Nf6 14. Nxf6
Bxf6 15. Rhe1 Ne7 16. Ne5 Bxe5 17. Rxe5 Bc6 18. g3 Bd5 19. Bxd5 Rxd5 20. Rde1
Rhd8 21. Kc2 Ng6 22. Rxd5 Rxd5 23. Be3 Ne7 24. c4 Rd7 25. Kc3 1/2-1/2

[Event "Madrid ch Veteranos  2019-2020"]
[Site "Maddrid ESP"]
[Date "2020.01.21"]
[Round "7.16"]
[White "Viñas Lopez, Carlos"]
[Black "Lopez Orellana, Federico"]
[Result "1-0"]
[WhiteElo "1860"]
[BlackElo "1714"]
[PlyCount "57"]
[EventDate "2020.01.13"]
[EventType "swiss"]
[EventRounds "9"]
[EventCountry "ESP"]
[SourceTitle "Ajedrez en Madrid"]
[Source "lmi"]
[SourceDate "2020.01.13"]
[SourceVersion "1"]
[SourceVersionDate "2020.01.27"]
[SourceQuality "1"]

1. d4 e6 2. Bf4 f5 3. Nf3 Nf6 4. c4 Bb4+ 5. Nc3 b6 6. e3 Bb7 7. Be2 O-O 8. a3
Bxc3+ 9. bxc3 d6 10. O-O Nbd7 11. Qb3 Qe7 12. c5 Ne4 13. cxd6 cxd6 14. Rfd1 Kh8
15. h3 g5 16. Bh2 g4 17. Nd2 Ndf6 18. Nxe4 Nxe4 19. f3 gxf3 20. Bxf3 Qg5 21.
Bf4 Qg7 22. c4 e5 23. dxe5 dxe5 24. Bh2 f4 25. Qb2 Rad8 26. exf4 Qc7 27. fxe5
Qc5+ 28. Qd4 Ng5 29. Bxb7 1-0

[Event "Madrid ch Veteranos  2019-2020"]
[Site "Maddrid ESP"]
[Date "2020.01.21"]
[Round "7.18"]
[White "Prieto Gonzalez, Cesar"]
[Black "Vukotic Jovsic, Dragan"]
[Result "0-1"]
[WhiteElo "1480"]
[BlackElo "1918"]
[PlyCount "58"]
[EventDate "2020.01.13"]
[EventType "swiss"]
[EventRounds "9"]
[EventCountry "ESP"]
[SourceTitle "Ajedrez en Madrid"]
[Source "lmi"]
[SourceDate "2020.01.13"]
[SourceVersion "1"]
[SourceVersionDate "2020.01.27"]
[SourceQuality "1"]

1. e4 c5 2. Nf3 d6 3. g3 Bg4 4. d3 Nc6 5. Bg2 Qd7 6. h3 Bh5 7. g4 Bg6 8. Nh4
O-O-O 9. Nxg6 hxg6 10. Nc3 e6 11. Be3 f5 12. Qd2 Nf6 13. g5 Ne8 14. O-O-O Nc7
15. Kb1 d5 16. exd5 Nxd5 17. Nxd5 exd5 18. Bf4 Rh4 19. Rde1 Bd6 20. Bxd6 Qxd6
21. Qe3 Rf4 22. Bxd5 Nd4 23. c3 Nb5 24. Kc2 Qxd5 25. Qxf4 Qxd3+ 26. Kc1 Nxc3
27. bxc3 Qxc3+ 28. Kb1 Rd4 29. Qc1 Rb4+ 0-1